Statistics for Guess the Lyrics to Eddie Rabbitt's "Step By Step"

Click here to take the quiz!

General Stats

  • This quiz has been taken 13 times
  • The average score is 182 of 286

Answer Stats

# Lyric % Correct
3a
89%
40step
89%
78Step
89%
1She
78%
25it
78%
56one
78%
55the
78%
64in
78%
65your
78%
44and
78%
42her
78%
36You
78%
71go
78%
28be
78%
15to
78%
10by
78%
8she
78%
11you
78%
69let
67%
14what
67%
54she's
67%
13know
67%
31love
67%
47like
67%
68never
67%
16say
67%
19make
56%
125ask
56%
52Tell
56%
105see
56%
7When
56%
66arms
56%
9walks
56%
41Ask
56%
38that
56%
101up
56%
37take
56%
35how
56%
12don't
56%
32will
56%
87too
56%
59of
56%
27Don't
56%
91But
56%
62Take
56%
100give
44%
103think
44%
117try
44%
93heart
44%
45treat
44%
180First
44%
57you're
44%
49lady
44%
43out
44%
39first
44%
17You're
44%
60Third
33%
4million
33%
5miles
33%
109eye
33%
6away
33%
23better
33%
26now
33%
58dreaming
33%
50Second
33%
2seems
33%
33show
33%
30cause
33%
88beautiful
22%
29afraid
22%
81You'll
22%
82win
22%
18gonna
22%
86looks
22%
90touch
22%
21move
11%
95talking
11%
106something
11%
94keeps
11%
115until
11%
120gotta
11%

Score Distribution

Percentile by Number Answered

Percent of People with Each Score

Your Score History

You have not taken this quiz